<?xml version="1.0" encoding="UTF-8"?>
<collection xmlns="http://www.loc.gov/MARC21/slim">
 <record>
  <leader>01614nam a2200205Ia 4500</leader>
  <controlfield tag="001">TDMU_20088</controlfield>
  <controlfield tag="008">210410s9999    xx            000 0 und d</controlfield>
  <datafield tag="082" ind1=" " ind2=" ">
   <subfield code="a">959.704</subfield>
  </datafield>
  <datafield tag="090" ind1=" " ind2=" ">
   <subfield code="b">V400</subfield>
  </datafield>
  <datafield tag="100" ind1=" " ind2=" ">
   <subfield code="a">Võ, Nguyên Giáp</subfield>
  </datafield>
  <datafield tag="245" ind1=" " ind2="0">
   <subfield code="a">Những chặng đường lịch sử</subfield>
  </datafield>
  <datafield tag="245" ind1=" " ind2="0">
   <subfield code="c">Võ Nguyên Giáp</subfield>
  </datafield>
  <datafield tag="260" ind1=" " ind2=" ">
   <subfield code="a">H.</subfield>
  </datafield>
  <datafield tag="260" ind1=" " ind2=" ">
   <subfield code="b">Chính trị Quốc gia - Sự thật</subfield>
  </datafield>
  <datafield tag="260" ind1=" " ind2=" ">
   <subfield code="c">2012</subfield>
  </datafield>
  <datafield tag="300" ind1=" " ind2=" ">
   <subfield code="a">648tr.</subfield>
  </datafield>
  <datafield tag="520" ind1=" " ind2=" ">
   <subfield code="a">Nội dung cuốn sách đề cập đến hai thời kỳ đấu tranh cách mạng có quan hệ đến sự tồn vong của dân tộc - chuẩn bị giành chính quyền và năm đầu tiên sau Cách mạng Tháng Tám 1945 của nước Việt Nam Dân chủ Cộng hòa. Là một trong những nhà lãnh đạo chủ chốt của Đảng ở thời điểm lịch sử trong đại đầy khó khăn thử thách ấy, tác giả đã tái hiện bức tranh lịch sử hoành tráng của dân tộc ta dưới sự lãnh đạo của Đảng, đặc biệt là hình ảnh của Chủ tịch Hồ Chí Minh trong một giai đoạn cách mạng mà có lúc vận nước như 'ngàn cân treo sợi tóc'</subfield>
  </datafield>
  <datafield tag="650" ind1=" " ind2=" ">
   <subfield code="a">Võ Nguyên Giáp</subfield>
   <subfield code="d">1911-2013; Tướng (tướng lĩnh)</subfield>
   <subfield code="z">Việt Nam</subfield>
   <subfield code="x">Tiểu sử; Việt Nam</subfield>
   <subfield code="x">Lịch sử</subfield>
   <subfield code="x">Cách mạng tháng tám</subfield>
   <subfield code="y">1945</subfield>
  </datafield>
  <datafield tag="856" ind1=" " ind2=" ">
   <subfield code="u">http://lrc.tdmu.edu.vn/opac/search/detail.asp?aID=2&amp;ID=20088</subfield>
  </datafield>
  <datafield tag="980" ind1=" " ind2=" ">
   <subfield code="a">Trung tâm Học liệu Trường Đại học Thủ Dầu Một</subfield>
  </datafield>
 </record>
</collection>
